00434nam a22001577a 4500999001500000003000400015005001700019008004100036020001800077040000800095245006600103260005900169300002400228650001200252942001200264 c1569d1569OSt20190114113144.0190114b ||||| |||| 00| 0 eng d a9789993677178 cNRC aBhutan cultural atlas :bbumthang district, trongsa district. bThe Institute of Language and Cultural Studies,c2016. a56 p.bill.c27 cm. 2Trongsa 2ddccGD